El abate Molina: humanista clásico y sabio cristiano
Kaydedildi:
| Yazar: | |
|---|---|
| Materyal Türü: | Kitap |
| Dil: | Latince İspanyolca |
| Baskı/Yayın Bilgisi: |
Santiago
Universidad Católica de Chile
1974
|
| Seri Bilgileri: | Anales de la Facultad de Teología Universidad Católica de Chile, 24. cuaderno 2
|
| Konular: | |
| Etiketler: |
Etiketle
Etiket eklenmemiş, İlk siz ekleyin!
|
MARC
| LEADER | 00000cam a2200000 a 4500 | ||
|---|---|---|---|
| 001 | UCF8563 | ||
| 003 | CL-VaPUC | ||
| 008 | 130916e19740000cl |||||||||||||||||lat|d | ||
| 041 | 0 | 7 | |a lat |2 CL-VaPUC |
| 041 | 0 | 7 | |a spa |2 CL-VaPUC |
| 082 | 0 | 4 | |a 922.983 |b JIM |2 21 |
| 100 | |a Jiménez Berguecio, Julio |e autor |9 570665 | ||
| 245 | 1 | 3 | |a El abate Molina: humanista clásico y sabio cristiano |
| 300 | |a 284 p | ||
| 942 | |c BK | ||
| 945 | |d 20130916 10:38:00 |a dcastane | ||
| 260 | |a Santiago |b Universidad Católica de Chile |c 1974 | ||
| 650 | 0 | |a Biografías |9 255210 | |
| 650 | 7 | |a SACERDOTES CHILENOS |2 CL-VaPUC |9 309963 | |
| 650 | 7 | |a HUMANISTAS |2 CL-VaPUC |9 360395 | |
| 583 | |a last modification |c 20151117 02:01:27 |k Rodrigo Vera | ||
| 490 | 0 | |a Anales de la Facultad de Teología Universidad Católica de Chile, 24. cuaderno 2 | |
| 999 | |c 353130 |d 353128 | ||
| 952 | |0 0 |1 0 |3 erb |4 0 |6 922_983000000000000_JIM_1974 |7 0 |8 A |9 458057 |a BIBHIS |b BIBHIS |d 2019-11-23 |i 5002192 |l 1 |o 922.983 JIM 1974 |p 5002192 |r 2025-01-20 |s 2023-08-22 |w 2019-11-23 |y BK |z Catalogado en:20130916 |k HIS | ||